Paesi più Vicini al Canada - Statistics

Statistiche generali
  • Questo quiz è stato fatto 7.137 volte
  • Il punteggio medio è 13 su 20
Statistiche sulle risposte
km Paese miglia % Corretto
0 Stati Uniti 0
100%
1809 Messico 1124
96%
26 Danimarca (Groenlandia) 16
91%
1238 Russia 769
91%
2065 Cuba 1283
81%
1638 Islanda 1018
72%
8 Francia (St Pierre e Miquelon) 5
69%
2582 Haiti 1604
65%
1657 Bahamas 1030
63%
1232 Regno Unito (Bermuda) 765
63%
2733 Guatemala 1698
61%
2644 Repubblica Dominicana 1643
59%
2625 Giamaica 1631
58%
2823 Honduras 1754
58%
2642 Belize 1642
55%
2200 Norvegia 1367
54%
2352 Svezia 1461
51%
2342 Finlandia 1455
48%
1928 Portogallo (Azores) 1198
47%
2832 Paesi Bassi (Sint Maarten) 1760
33%
Nessun quiz corrispondente trovato
Distribuzione punteggi
Percentuale di utenti per punteggio
Percentile per numero di risposta
I tuoi punteggi nel tempo
Non hai fatto questo quiz